| 000 | 00861nam a22002417a 4500 | ||
|---|---|---|---|
| 005 | 20240530110613.0 | ||
| 008 | 161123s2015 ua a g b 000 0 ara d | ||
| 017 |
_a2014/21834 _bمصر. دار الكتب |
||
| 020 | _a9789776456419 | ||
| 040 |
_aEG-CaGPL _cEG-CaGPL |
||
| 082 | 0 | 4 |
_221 _a339.43\ _bم ق |
| 100 | 0 | _aمحمد السيد البدوى . | |
| 245 | 1 | 0 |
_aقواعد الاستثمار الناجح / _cمحمد السيد البدوى . |
| 250 | _aط.1 | ||
| 260 |
_aالقاهرة : _bدار الجوهرة للنشر و التوزيع ، _c2015 . |
||
| 300 |
_a356 ص ؛ _c24 سم . |
||
| 504 | _aببليوجرافية : ص 353 - 356 | ||
| 650 | 0 | 7 |
_2qrmak _aالبورصات . |
| 650 | 0 | 7 |
_2qrmak _aالمشروعات . |
| 650 | 0 | 7 |
_2qrmak _aدراسة الجدوى . |
| 942 |
_2ddc _cBK |
||
| 999 |
_c62897 _d62897 |
||